| 000 | 00761nam a22002177a 4500 | ||
|---|---|---|---|
| 999 |
_c166612 _d166612 |
||
| 005 | 20200915151959.0 | ||
| 010 | _aENG-126105 B-732633 | ||
| 020 |
_a9789388278430 _c500.00 |
||
| 035 | _aEN-109637 | ||
| 035 | _aB-732633 | ||
| 037 | _bDBAD/PUB | ||
| 037 | _bAnuradha Prakashan | ||
| 082 | _a954.02 | ||
| 100 | _aDhawan, Anu | ||
| 245 |
_aSher Shah's Administration: _bthrough Persian Sources / _cby Anu Dhawan |
||
| 260 |
_aNew Delhi _bAnuradha Prakashan _c2018 _c2019 |
||
| 270 |
_a1193, Pankha Road, Nangal Raya _bNew Delhi _e110046 _k+91(011)28520555 _manuradhaprakashan@gmail.com |
||
| 300 |
_a242p.: _b22cm(Hb) _cill. |
||
| 942 |
_2ddc _cEN _h954.02 _mDHA |
||